Most Streamed Doechii Songs - Statistics

General Stats
  • This quiz has been taken 71 times
    6 since last reset
  • The average score is 9 of 20
Answer Stats
# Streams Answer % Correct
1 522,963,006 Anxiety
100%
6 247,548,311 ANXIETY (with Sleepy Hallow)
100%
3 429,865,371 DENIAL IS A RIVER
83%
9 146,726,244 Alter Ego
67%
5 256,728,327 NISSAN ALTIMA
67%
7 170,880,856 Balloon
50%
10 102,869,919 CATFISH
50%
4 300,478,570 ExtraL
50%
8 154,811,635 What It Is (Block Boy)
50%
2 438,001,970 What It Is (Solo Version)
50%
20 31,534,447 girl, get up.
33%
13 64,129,484 I'M HIS, HE'S MINE
33%
16 40,869,872 Nosebleeds
33%
11 82,855,177 Persuasive
33%
18 37,290,335 Spookie Coochie
33%
12 64,807,661 Yucky Blucky Fruitcake
33%
15 48,854,034 BOILED PEANUTS
17%
19 31,772,481 BULLFROG
17%
17 38,507,453 Timeless - Remix
17%
14 62,895,333 Wat U Sed
17%
No matching quizzes found
Score Distribution
Percent of People with Each Score
Percentile by Number Answered
Your Score History
You have not taken this quiz since the last reset